Imperialismo hoy /

Guardado en:
書目詳細資料
主要作者: O'Connor, James
其他作者: Marcus, L. Kotz, David Mandel, Ernest Nicolaus, Martín
格式: Texto
出版: Buenos Aires: Periferia
標簽: 添加標簽
沒有標簽, 成為第一個標記此記錄!

MARC

LEADER 00000 a a2200000 04500
001 23897
003
040
090 |a 165100  
100 |a O'Connor, James  
245 |a Imperialismo hoy /  |c James O'Connor 
260 |a Buenos Aires:   |b Periferia  
300 |a 262 p.  
700 |a Marcus, L.   |a Kotz, David   |a Mandel, Ernest   |a Nicolaus, Martín  
999 |c 12473  |d 12473